<?xml version="1.0" encoding="UTF-8"?>
<collection xmlns="http://www.loc.gov/MARC21/slim">
 <record>
  <leader>00965naa a2200229 i 4500</leader>
  <controlfield tag="001">acta68939</controlfield>
  <controlfield tag="005">20211123151824.0</controlfield>
  <controlfield tag="008">200512s2019    hu      o     0||   hun d</controlfield>
  <datafield tag="020" ind1=" " ind2=" ">
   <subfield code="a">978-963-306-650-8</subfield>
  </datafield>
  <datafield tag="022" ind1=" " ind2=" ">
   <subfield code="a">2064-4825</subfield>
  </datafield>
  <datafield tag="040" ind1=" " ind2=" ">
   <subfield code="a">SZTE Egyetemi Kiadványok Repozitórium</subfield>
   <subfield code="b">hun</subfield>
  </datafield>
  <datafield tag="041" ind1=" " ind2=" ">
   <subfield code="a">hun</subfield>
  </datafield>
  <datafield tag="100" ind1="1" ind2=" ">
   <subfield code="a">Gyöngyössy Orsolya</subfield>
  </datafield>
  <datafield tag="245" ind1="1" ind2="0">
   <subfield code="a">Egy palócföldi pap csongrádi működésének hatásvizsgálata, 1802-1825</subfield>
   <subfield code="h">[elektronikus dokumentum] /</subfield>
   <subfield code="c"> Gyöngyössy Orsolya</subfield>
  </datafield>
  <datafield tag="260" ind1=" " ind2=" ">
   <subfield code="c">2019</subfield>
  </datafield>
  <datafield tag="300" ind1=" " ind2=" ">
   <subfield code="a">92-99</subfield>
  </datafield>
  <datafield tag="490" ind1="0" ind2=" ">
   <subfield code="a">A vallási kultúrakutatás könyvei</subfield>
  </datafield>
  <datafield tag="490" ind1="0" ind2=" ">
   <subfield code="a">Papok, szentek, felekezetek : válogatott vallási néprajzi írások</subfield>
  </datafield>
  <datafield tag="650" ind1=" " ind2="4">
   <subfield code="a">Bölcsészettudományok</subfield>
  </datafield>
  <datafield tag="650" ind1=" " ind2="4">
   <subfield code="a">Történettudomány és régészet</subfield>
  </datafield>
  <datafield tag="695" ind1=" " ind2=" ">
   <subfield code="a">Katolikus egyház - Magyarország - 19. sz., Csongrád - egyháztörténet - 19. sz., Mátyus János</subfield>
  </datafield>
  <datafield tag="856" ind1="4" ind2="0">
   <subfield code="u">http://acta.bibl.u-szeged.hu/68939/1/vallasi_kulturakutatas_konyvei_041_092-099.pdf</subfield>
   <subfield code="z">Dokumentum-elérés </subfield>
  </datafield>
 </record>
</collection>
